000 01093nam a2200265Ia 4500
003 OSt
005 20220923225051.0
006 a|||||r|||| 00| 0
007 ta
008 220922b |||||||| |||| 00| 0 hin d
024 _a256,092
037 _cTextual
040 _aARTS
_cARTS
_bhin
041 _2hin
_ahin
082 _aO152,6M75x, M3
100 _aमिश्र, विद्यानिवास, संपा.
245 0 _aबाबू श्यामसुन्दर दास के निबन्धों का संग्रह
246 _aBābū shyāmasundar dās ke nibandhoan kā sangraha
260 _aलखनऊ
_b उत्तर प्रदेश हिन्दी संस्थान
_c1983
300 _a496पृ.
_ccm.
490 _aहिन्दी समिति प्रभाग ग्रन्थमाला; 255
650 _aहिन्दी साहित्य
_9156264
942 _hO152,6M75x, M3
_cTEXL
_2CC
999 _c375794
_d375794